000 00305nam a2200097Ia 4500
082 _a658.8|CONT
245 0 _aContemporary cases in southern African marketing
100 _a ABRATT, Russell Claremont, South Africa, 2007 2nd ed.
_968656
942 _cBK
008 210817s9999 xx 000 0 und d
999 _c221857
_d221856